Pokémon - Les attaques de Insolourdo - Statistiques

Statistiques générales
  • Ce quiz a été pris 14 fois
  • Le résultat moyen est 11 sur 16
Statistiques - réponses
Niveaux Types Noms des attaques % Correct
Niveau 8 Roche Roulade
100%
Niveau 36 Normal Bélier
88%
Niveau 4 Sol Coud'Boue
88%
Niveau 52 Normal Damoclès
88%
Niveau 24 Sol Tunnelier
88%
Départ Normal Boul'Armure
75%
Niveau 48 Poison Enroulement
75%
Niveau 32 Normal Plaquage
75%
Niveau 20 Roche Pouvoir Antique
75%
Niveau 40 Vol Atterrissage
63%
Niveau 44 Dragon Draco-Charge
63%
Niveau 12 Normal Regard Médusant
63%
Départ Normal Gigotage
38%
Niveau 28 Normal Bâillement
25%
Niveau 56 Normal Effort
25%
Niveau 16 Normal Grincement
25%
Aucun quiz correspondant
Distribution des résultats
% des personnes avec chaque résultat
Percentile par nombre de réponses
Votre historique - résultats
Vous n’avez pas pris ce quiz